000 00713nam a2200217 a 4500
001 000009056
003 DO-SdBNP
005 20250723150124.0
008 090925s1904 dr r 001 p spa d
040 _aDO-SdBNP
_bspa
_cBNPHU
082 4 _aRD861.44
_bC422j
_222
100 1 _aCestero, Tulio M.,
_q(Tulio Manuel),
_d1877-1955
_91698
245 1 3 _aEl jardín de los sueños :
_b(pequeños poemas en prosa) /
_cTulio M. Cestero.
260 _aSanto Domingo :
_bImprenta La Cuna de América,
_c1904.
300 _a84 p. ;
_c19 cm.
590 _aInventariado, 2019/BT
650 4 _aPoesía dominicana
_966
650 0 _aProsa dominicana
_912146
910 _aValidado. Control de calidad. MMOLINA
942 _2ddc
_cLBS1
999 _c8820
_d8820